| 000 | 00715amm a2200229a 44500 | ||
|---|---|---|---|
| 008 | 190718s2019 cat | ||
| 041 | _acat | ||
| 110 |
_aTERMCAT _960609 |
||
| 245 |
_aEls noms catalans dels cicàdids _h[en línia] _cTERMCAT, Centre de Terminologia |
||
| 260 |
_aBarcelona _bTERMCAT, Centre de Terminologia _c2019 |
||
| 300 |
_a1 infografia _bil. |
||
| 500 | _btermcat | ||
| 520 | _a19 | ||
| 592 | _aObra terminològica | ||
| 593 | _aDGG | ||
| 650 |
_ainsectes _962668 |
||
| 856 | _uhttps://www.termcat.cat/ca/recursos/productes-multimedia/els-noms-catalans-dels-cicadids | ||
| 901 | _c<2019> | ||
| 902 | _a190718 | ||
| 942 |
_cMO _n0 _2ddc |
||
| 999 |
_c67497 _d67497 |
||